Normale Ansicht MARC-Ansicht ISBD

Histoire du mouvement anarchiste en France (1880-1914) (Titelsatznr. 26364)

[ MARC ]
MARC-Details
000 -Satzkennung
Kontrollfeld mit fester Länge 00538nam a22001571cc4500
001 - Kontrollnummer
Kontrollfeld a75534+1
035 ## - Systemkontrollnummer
System-Kontrollnummer a75534
008 - Feld mit fester Länge zur physischen Beschreibung - Allgemeine Angaben
Kontrollfeld mit fester Länge 170707s1951 gw |||| 000u fre d
040 ## - Katalogisierungsquelle
Übertragungsstelle RU-10907106
003 - Kontrollnummer Identifier
Kontrollfeld RU-10907106
245 00 - Titel
Titel Histoire du mouvement anarchiste en France (1880-1914)
Zählung des Teils/der Abteilung eines Werkes 1
Titel eines Teils/einer Abteilung eines Werkes Histoire du mouvement anarchiste en France (1880-1914)
264 ## - Produktion, Veröffentlichung, Distribution, Herstellung und Urheberrechtsvermerk
Herstellungs-, Veröffentlichungs- Vertriebs-, Erzeugungsort Paris,
Datum der Herstellung, der Veröffentlichung, des Vertriebs oder des Urheberschutzvermerks 1951
246 12 - Titelvarianten
Hauptsachtitel/Kurztitel Histoire du mouvement anarchiste en France (1880-1914). Histoire du mouvement anarchiste en France (1880-1914)
Zählung des Teils/der Abteilung eines Werkes 1
773 08 - Übergeordnete Einheit
Datensatzkontrollnummer a75534
Zählung und erste Seite 1
942 ## - Zusätzliche Felder (Koha)
Koha-Medientyp Monographien
Exemplare
Ausgeschieden Verloren Klassifikation oder Aufstellungssystematik Beschädigt Nicht entleihbar Heimatbibliothek Aufenthaltsbibliothek Aufstellungsort Erwerbungsdatum Inventarnummer Signatur Barcode Letzte Aktivität Preis gültig von Koha-Medientyp
    Andere/Generische Klassifikation     MWN Osteuropa MWN Osteuropa Lesesaal - 1 07/07/2017 06-04309 W 54 D eh Mai 1 (1) E00401506CBE047F 22/03/2021 22/03/2021 Monographien